| 000 | 00554nam a2200145Ia 4500 | ||
|---|---|---|---|
| 008 | 100204s9999 xx 000 0 und d | ||
| 082 | _b10913 | ||
| 100 | _aतेंडुलकर विजय | ||
| 245 | _aसाहित्यातून सत्याकडे | ||
| 260 |
_b"डिंंंंप्ंाल पब्लिकेशन, वसई" _c1988 |
||
| 300 | _a546 | ||
| 630 | _aसाहित्यातून सत्याकडे | ||
| 730 | _aसाहित्यातून सत्याकडे | ||
| 942 | _cBOOK | ||
| 999 |
_c455349 _d455346 |
||